Central Library OPAC University of Rajshahi

Science, industry, and society: (Record no. 2244)

MARC details
000 -LEADER
fixed length control field 00876cam a2200289 4500
001 - CONTROL NUMBER
control field 2244
003 - CONTROL NUMBER IDENTIFIER
rucl marc code BD-RjUL
005 - DATE AND TIME OF LATEST TRANSACTION
control field 20211208233518.0
008 - FIXED-LENGTH DATA ELEMENTS--GENERAL INFORMATION
fixed length control field 131210s1970 enk b 001 0 eng d
020 ## - INTERNATIONAL STANDARD BOOK NUMBER
International Standard Book Number 0043010210
035 ## - SYSTEM CONTROL NUMBER
System control number (BD-RjUL)2271
040 ## - CATALOGING SOURCE
Original cataloging agency DLC
Transcribing agency DLC
Modifying agency DLC
-- BD-RjUL
Language of cataloging eng
041 ## - LANGUAGE CODE
Language code of text/sound track or separate title eng
082 00 - DEWEY DECIMAL CLASSIFICATION NUMBER
Classification number 301.55
Author mark and year COS 1970
100 1# - MAIN ENTRY--PERSONAL NAME
Personal name Cotgrove, Stephen F.
9 (RLIN) 7307
245 10 - TITLE STATEMENT
Title Science, industry, and society:
Remainder of title studies in the sociology of science /
Statement of responsibility, etc. by Stephen Cotgrove and Steven Box.
260 ## - PUBLICATION, DISTRIBUTION, ETC. (IMPRINT)
Place of publication, distribution, etc. London :
Name of publisher, distributor, etc. Allen & Unwin,
Date of publication, distribution, etc. 1970.
300 ## - PHYSICAL DESCRIPTION
Pagination xii, 211 p. ;
Size 22 cm.
350 ## - PRICE (NR) (BK AM CF MU VM SE) [OBSOLETE]
Price 50/-
504 ## - BIBLIOGRAPHY, ETC. NOTE
Bibliography, etc Includes bibliographical references and index.
650 #0 - SUBJECT ADDED ENTRY--TOPICAL TERM
Topical term or geographic name as entry element Scientists.
9 (RLIN) 7308
Topical term or geographic name as entry element Science
General subdivision Vocational guidance.
9 (RLIN) 7309
700 1# - ADDED ENTRY--PERSONAL NAME
Personal name Box, Steven,
Relator term joint author.
942 ## - ADDED ENTRY ELEMENTS (KOHA)
Source of classification or shelving scheme Dewey Decimal Classification
Koha item type Books
Holdings
Lost status Source of classification or shelving scheme Damaged status Not for loan Collection code Permanent Location Current Location Shelving location Date acquired Source of acquisition Cost, normal purchase price Total Checkouts Full call number Date last seen Copy number Koha item type
  Dewey Decimal Classification   Not For Loan Non-fiction Central Library, University of Rajshahi Central Library, University of Rajshahi Reading Room 07/08/1973 Nowroze Kita. 33.00   301.55 COS 1970 10/12/2013 C-1 Books